LEADER 01002cam0-2200349---450- 001 990004387250403321 005 20141211103510.0 010 $a84-95946-00-9 035 $a000438725 035 $aFED01000438725 035 $a(Aleph)000438725FED01 035 $a000438725 100 $a19990604d2002----km-y0itay50------ba 101 1 $acat$cfre 102 $aES 105 $a--------001ay 200 1 $a<>miserables$fVictor Hugo$gtraduit per Maria Perpinyà 210 $a[s.l.]$cBrau$d2002 215 $a3 v.$d17 cm 454 0$12001$a<>misérables$935756 676 $a843.8 700 1$aHugo,$bVictor$f<1802-1885>$0175104 702 1$aPerpinyà,$bMaria 801 0$aIT$bUNINA$gRICA$2UNIMARC 901 $aBK 912 $a990004387250403321 952 $a843.8 HUGO 2(1CAT;1)$bBibl.48443$fFLFBC 952 $a843.8 HUGO 2(1CAT;2)$bBibl.48443$fFLFBC 952 $a843.8 HUGO 2(1CAT;3)$bBibl.48443$fFLFBC 959 $aFLFBC 996 $aMisérables$935756 997 $aUNINA LEADER 03412nam 22005895 450 001 9910300542703321 005 20200704200541.0 010 $a3-319-74992-7 024 7 $a10.1007/978-3-319-74992-1 035 $a(CKB)4100000002485479 035 $a(MiAaPQ)EBC5357921 035 $a(DE-He213)978-3-319-74992-1 035 $a(PPN)224638149 035 $a(EXLCZ)994100000002485479 100 $a20180228d2018 u| 0 101 0 $aeng 135 $aurcnu|||||||| 181 $ctxt$2rdacontent 182 $cc$2rdamedia 183 $acr$2rdacarrier 200 10$aBasic Atomic Interactions of Accelerated Heavy Ions in Matter $eAtomic Interactions of Heavy Ions /$fby Inga Tolstikhina, Makoto Imai, Nicolas Winckler, Viacheslav Shevelko 205 $a1st ed. 2018. 210 1$aCham :$cSpringer International Publishing :$cImprint: Springer,$d2018. 215 $a1 online resource (xvi, 220 pages) $cillustrations 225 1 $aSpringer Series on Atomic, Optical, and Plasma Physics,$x1615-5653 ;$v98 311 $a3-319-74991-9 327 $aIntroduction -- Stopping Power of Ions in Matter (SP) -- Evolution of the Projectile Charge-state Fractions in Matter -- Electron Capture Processes. 330 $aThis book provides an overview of the recent experimental and theoretical results on interactions of heavy ions with gaseous, solid and plasma targets from the perspective of atomic physics. The topics discussed comprise stopping power, multiple-electron loss and capture processes, equilibrium and non-equilibrium charge-state fractions in penetration of fast ion beams through matter including relativistic domain. It also addresses mean charge-states and equilibrium target thickness in ion-beam penetrations, isotope effects in low-energy electron capture, lifetimes of heavy ion beams, semi-empirical formulae for effective cross sections. The book is intended for researchers and graduate students working in atomic, plasma and accelerator physics. 410 0$aSpringer Series on Atomic, Optical, and Plasma Physics,$x1615-5653 ;$v98 606 $aAtoms 606 $aPhysics 606 $aParticle acceleration 606 $aPlasma (Ionized gases) 606 $aAtoms and Molecules in Strong Fields, Laser Matter Interaction$3https://scigraph.springernature.com/ontologies/product-market-codes/P24025 606 $aParticle Acceleration and Detection, Beam Physics$3https://scigraph.springernature.com/ontologies/product-market-codes/P23037 606 $aPlasma Physics$3https://scigraph.springernature.com/ontologies/product-market-codes/P24040 615 0$aAtoms. 615 0$aPhysics. 615 0$aParticle acceleration. 615 0$aPlasma (Ionized gases) 615 14$aAtoms and Molecules in Strong Fields, Laser Matter Interaction. 615 24$aParticle Acceleration and Detection, Beam Physics. 615 24$aPlasma Physics. 676 $a539.7234 700 $aTolstikhina$b Inga$4aut$4http://id.loc.gov/vocabulary/relators/aut$01060982 702 $aImai$b Makoto$4aut$4http://id.loc.gov/vocabulary/relators/aut 702 $aWinckler$b Nicolas$4aut$4http://id.loc.gov/vocabulary/relators/aut 702 $aShevelko$b Viacheslav$4aut$4http://id.loc.gov/vocabulary/relators/aut 906 $aBOOK 912 $a9910300542703321 996 $aBasic Atomic Interactions of Accelerated Heavy Ions in Matter$92516603 997 $aUNINA